Loading...

Heirloom

Bibliographic Details
Main Author: Chandra, G.S. Sarat
Format: Printed Book
Language:English
Published: Delhi : OUP , 1982.
LEADER 00454nam a22001457a 4500
008 160310b xxu||||| |||| 00| 0 eng d
020 |a 19561485 
082 |a 823.92 CHA/H 
100 |a Chandra, G.S. Sarat 
245 |a Heirloom 
260 |a Delhi :  |b OUP ,  |c 1982. 
300 |a 55p. 
942 |c BK 
999 |c 193336  |d 193336 
952 |0 0  |1 0  |4 0  |6 823_920000000000000_CHA_H  |7 0  |9 213409  |a ENG  |b ENG  |c ST1  |d 2016-03-10  |i 13691  |l 0  |o 823.92 CHA/H  |p ENG13691  |r 2016-03-10  |w 2016-03-10  |y BK